000
00324 a2200133 4500
001
151400
040
_c
Escola São Tomás de Aquino
100
_a
MACHADO, Ana Maria
240
1
0
_a
Uma arara e sete papagaios
_l
por
245
1
0
_a
Uma arara e sete papagaios
362
0
_a
1988
697
_a
*LITERATURA INFANTIL
942
_c
BK
999
_c
151400
_d
151400